| 000 | 01064cam a22002771i 4500 | ||
|---|---|---|---|
| 003 | SA-RiAUC | ||
| 005 | 20250205073622.0 | ||
| 008 | 250115s1996 ua g 00000 ara c | ||
| 020 | _a9770903566 | ||
| 040 |
_aSA-MaUQU _bara _cSA-RiAUC _erda |
||
| 082 | 0 | 4 |
_a214.34 _qSA-RiAUC |
| 090 |
_a214.34 _bب ش ر |
||
| 100 | 1 |
_aالبشري، طارق، _d1933-2021 _eمؤلف. |
|
| 245 | 1 | 2 |
_aالوضع القانوني المعاصر بين الشريعة الإسلامية والقانون الوضعي / _cطارق البشري. |
| 250 | _aالطبعة الأولى. | ||
| 264 | 1 |
_aالقاهرة : _bدار الشروق، _c1996 |
|
| 300 |
_a135 صفحة ؛ _c24 سم. |
||
| 336 |
_aنص _btxt _2rdacontent _3كتاب |
||
| 337 |
_aبدون وسيط _bn _2rdamedia |
||
| 338 |
_aمجلد _bnc _2rdacarrier |
||
| 490 | 0 | _aفي المسألة الإسلامية المعاصرة | |
| 650 | 7 |
_aالشريعة الإسلامية _2aucsh |
|
| 650 | 7 |
_aالإسلام والقانون _2aucsh |
|
| 942 |
_2ddc _cBOOK _n0 |
||
| 949 |
_aSA-JeALM _d250115 _umohamedma123 _n1 |
||
| 999 |
_c5602 _d5602 |
||